[Event "only 10 leisure players under 2000 "]
[Site "SchemingMind.com"]
[Date "2017.12.21"]
[Round "-"]
[White "aliwood"]
[Black "Scooter"]
[Result "0-1"]
[WhiteCountry "ENG"]
[BlackCountry "USA"]
[WhiteElo "1325"]
[WhiteRD "61"]
[BlackElo "1728"]
[BlackRD "52"]
[GameID "422223"]

1. Nf3 Nf6 2. c4 g6 3. d4 Bg7 4. e3 O-O 5. Nc3 d6 6. Be2 Bg4 7. h3 Bxf3 8. Bxf3 c6 9. O-O Nbd7 10. b3 e5
11. Bb2 exd4 12. exd4 Re8 13. Rb1 Nb6 14. Re1 Qd7 15. Qd2 Rxe1+ 16. Rxe1 Re8 17. Rxe8+ Qxe8 18. c5 dxc5 19. dxc5 Nbd5 20. Nxd5 Nxd5
21. Bxg7 Kxg7 22. Qb2+ f6 23. a3 Nf4 24. g3 Nxh3+ 25. Kg2 Ng5 26. Qc3 Nxf3 27. Qxf3 Qe5 28. b4= Kf7 29. a4 Qd5 30. Qxd5+ cxd5
31. Kf3 Ke6 32. Ke3 g5 33. f3 h5
0-1

[Event "only 10 leisure players under 2000 "]
[Site "SchemingMind.com"]
[Date "2017.12.21"]
[Round "-"]
[White "Scooter"]
[Black "aliwood"]
[Result "1-0"]
[WhiteCountry "USA"]
[BlackCountry "ENG"]
[WhiteElo "1679"]
[WhiteRD "56"]
[BlackElo "1342"]
[BlackRD "64"]
[GameID "422224"]

1. d4 d5 2. Nf3 c5 3. e3 Nf6 4. Bb5+ Bd7 5. Bxd7+ Nbxd7 6. c3 e6 7. O-O Be7 8. Nbd2 c4 9. Re1 b5 10. b3 O-O
11. e4 dxe4 12. Nxe4 Nxe4 13. Rxe4 Nf6 14. Re5 Bd6 15. Rxb5 a6 16. Re5 Bxe5 17. Nxe5 Qc7 18. Qe2 Rfd8 19. Qxc4 Qxc4 20. Nxc4 Nd5
21. Bd2 Ra7 22. Ne5 Ne7 23. Bc1 Rc8 24. Ba3 Nf5 25. Rc1 Rac7 26. Nc4 h6 27. g4 Nh4 28. Bd6 Ra7 29. Bc5 Rac7 30. Nd6 Rd8
31. Bb6
1-0

[Event "only 10 leisure players under 2000 "]
[Site "SchemingMind.com"]
[Date "2018.01.05"]
[Round "-"]
[White "Scooter"]
[Black "TheHornedReaper "]
[Result "1-0"]
[WhiteCountry "USA"]
[BlackCountry "ROU"]
[WhiteElo "1728"]
[WhiteRD "52"]
[BlackElo "1246"]
[BlackRD "49"]
[GameID "422849"]

1. d4 d5 2. Nf3 Nf6 3. Bf4 c5 4. e3 Nc6 5. c3 Qb6 6. Qb3 c4 7. Qxb6 axb6 8. Be2 b5 9. O-O Bf5 10. Nbd2 e6
11. Nh4 Bg6 12. Nxg6 fxg6 13. Nf3 Be7 14. h3 O-O 15. b4 Ne4 16. Rfc1 g5 17. Bh2
1-0

[Event "only 10 leisure players under 2000 "]
[Site "SchemingMind.com"]
[Date "2018.01.05"]
[Round "-"]
[White "TheHornedReaper "]
[Black "Scooter"]
[Result "0-1"]
[WhiteCountry "ROU"]
[BlackCountry "USA"]
[WhiteElo "1246"]
[WhiteRD "49"]
[BlackElo "1728"]
[BlackRD "52"]
[GameID "422850"]

1. e4 c6 2. d4 d5 3. e5 Bf5 4. Nf3 e6 5. Be2 Nd7 6. O-O c5 7. c3 cxd4 8. cxd4 Bb4 9. Nc3 Ne7 10. Be3 O-O
11. a3 Bxc3 12. bxc3 Rc8 13. Qd2 Bg4 14. h3 Bxf3 15. Bxf3 Nf5 16. Bf4 Nb6 17. Be2 Nc4 18. Bxc4 Rxc4
0-1

[Event "only 10 leisure players under 2000 "]
[Site "SchemingMind.com"]
[Date "2018.01.21"]
[Round "-"]
[White "Scooter"]
[Black "Transcendent"]
[Result "1-0"]
[WhiteCountry "USA"]
[BlackCountry "ENG"]
[WhiteElo "1728"]
[WhiteRD "52"]
[BlackElo "1325"]
[BlackRD "58"]
[GameID "423697"]

1. d4 Nf6 2. Nf3 e6 3. Bg5 c5 4. e3 d5 5. Bb5+ Bd7 6. Bxd7+ Nbxd7 7. c3 Qb6 8. Qb3 c4 9. Qxb6 axb6 10. O-O b5
11. Nbd2 Be7 12. Rfe1 O-O 13. b4 h6 14. Bxf6 Nxf6 15. e4 dxe4 16. Nxe4 Nd5 17. Ne5 Ra3 18. Nd7
1-0

[Event "only 10 leisure players under 2000 "]
[Site "SchemingMind.com"]
[Date "2018.01.26"]
[Round "-"]
[White "Transcendent"]
[Black "Scooter"]
[Result "0-1"]
[WhiteCountry "ENG"]
[BlackCountry "USA"]
[WhiteElo "1325"]
[WhiteRD "58"]
[BlackElo "1728"]
[BlackRD "52"]
[GameID "423698"]

1. d4 d5 2. c4 c6 3. Nf3 Bf5 4. Qb3 Qb6 5. c5 Qxb3 6. axb3 Nf6 7. Nc3 e6 8. Bf4 Be7 9. e3 O-O 10. Kd2 b6
11. cxb6 a6 12. Ne5 Nh5 13. Bg3 Nxg3 14. hxg3 Bb4
0-1

[Event "only 10 leisure players under 2000 "]
[Site "SchemingMind.com"]
[Date "2018.01.30"]
[Round "-"]
[White "aliwood"]
[Black "DANDYLIONHONEYBADGER"]
[Result "0-1"]
[WhiteCountry "ENG"]
[BlackCountry "USA"]
[WhiteElo "1202"]
[WhiteRD "65"]
[BlackElo "1419"]
[BlackRD "71"]
[GameID "423876"]

1. Nf3 f6 2. c4 b6 3. d4 Bb7 4. e3 Nh6 5. Be2 e6 6. Nc3 Be7 7. O-O a6 8. a3 Nf5 9. b4 c6 10. Nd2 O-O
11. Bf3 g6 12. Bb2 a5 13. b5 Nh4 14. Bg4 f5 15. Bf3 g5 16. g3 Nxf3+ 17. Nxf3 cxb5 18. Nxb5 d6 19. d5 g4 20. Nfd4 Bc8
21. Rc1 Ba6 22. a4 Bc8 23. Nxe6 Qd7 24. Nxf8 Bxf8 25. Bc3 Ba6 26. e4 fxe4 27. Rc2 Bg7 28. Bxg7 Qxg7 29. Re2 Qg6 30. Rfe1 Nd7
31. Rxe4 Nf6 32. Re6 Re8 33. Nc7 Rxe6 34. Rxe6 Bxc4 35. Rxd6 Qf5 36. Qd4 Qb1+ 37. Kg2 Qf1#
0-1

[Event "only 10 leisure players under 2000 "]
[Site "SchemingMind.com"]
[Date "2018.01.30"]
[Round "-"]
[White "DANDYLIONHONEYBADGER"]
[Black "aliwood"]
[Result "0-1"]
[WhiteCountry "USA"]
[BlackCountry "ENG"]
[WhiteElo "1286"]
[WhiteRD "73"]
[BlackElo "1360"]
[BlackRD "64"]
[GameID "423877"]

1. e4 e5 2. Qe2 Nc6 3. c3 Nf6 4. g4 d5 5. d3 Bxg4 6. f3 Bh5 7. Bg5 d4 8. Nh3 Qd7 9. Nd2 O-O-O 10. Nc4 h6
11. Bxf6 gxf6 12. a4 a5 13. f4 Bxe2
0-1

[Event "only 10 leisure players under 2000 "]
[Site "SchemingMind.com"]
[Date "2018.01.30"]
[Round "-"]
[White "Scooter"]
[Black "DANDYLIONHONEYBADGER"]
[Result "1-0"]
[WhiteCountry "USA"]
[BlackCountry "USA"]
[WhiteElo "1727"]
[WhiteRD "71"]
[BlackElo "1366"]
[BlackRD "71"]
[GameID "423878"]

1. d4 Nf6 2. Nf3 d6 3. Bf4 Nbd7 4. e3 b6 5. Be2 Nd5 6. Bg3 f6 7. O-O h6 8. c3 c5 9. Nbd2 f5 10. Nh4 g5
11. Ng6 Rh7 12. Nxf8 Nxf8 13. Bf3 f4 14. Bxd5 Rb8 15. Qh5+ Kd7 16. exf4 Bb7 17. Bxb7 Rxb7 18. fxg5 Ne6 19. gxh6 Ng7 20. Qf3 Rxh6
21. Qxb7+ Ke8 22. Qxa7 Kf7 23. Rfe1 Nf5 24. Qb7 Re6 25. Rxe6 Kxe6 26. Qe4+ Kf6 27. Bh4+ Nxh4 28. Qxh4+ Kf7 29. Re1 Ke8 30. Re6 Qc8
31. Qxe7#
1-0

[Event "only 10 leisure players under 2000 "]
[Site "SchemingMind.com"]
[Date "2018.01.30"]
[Round "-"]
[White "DANDYLIONHONEYBADGER"]
[Black "Scooter"]
[Result "0-1"]
[WhiteCountry "USA"]
[BlackCountry "USA"]
[WhiteElo "1366"]
[WhiteRD "71"]
[BlackElo "1727"]
[BlackRD "71"]
[GameID "423879"]

1. e4 c6 2. Nc3 d5 3. f3 dxe4 4. Nxe4 Bf5 5. g4 Bxe4 6. fxe4 Nd7 7. d4 e5 8. c3 Ngf6 9. dxe5 Nxe5 10. Qxd8+ Rxd8
11. Bd2 Nfxg4 12. Be2 Bc5 13. Nf3 Nxf3+ 14. Bxf3 Ne5 15. Be2 Nd3+ 16. Bxd3 Rxd3 17. O-O-O O-O 18. b4 Bb6 19. h4 Re8 20. Kc2 Red8
21. Bg5 Rxd1 22. Rxd1 Rxd1 23. Kxd1 Bf2 24. h5 f6 25. Bd2 Kf7 26. Ke2 Bb6 27. a4 Ke6 28. a5 Bc7 29. Be3 b6 30. a6 f5
31. exf5+ Kxf5 32. Kf3 g5
0-1

[Event "only 10 leisure players under 2000 "]
[Site "SchemingMind.com"]
[Date "2018.04.01"]
[Round "-"]
[White "aliwood"]
[Black "ray winteringham"]
[Result "0-1"]
[WhiteCountry "ENG"]
[BlackCountry "ENG"]
[WhiteElo "1341"]
[WhiteRD "67"]
[BlackElo "1580"]
[BlackRD "52"]
[GameID "426367"]

1. Nf3 d5 2. d4 Bg4 3. e3 Nf6 4. Be2 e6 5. c4 c6 6. b3 Be7 7. Nc3 O-O 8. O-O Bh5 9. a4 Bg6 10. Ba3 Bxa3
11. Rxa3 Qa5 12. Qc1 Nbd7 13. c5 h6 14. Qd2 Ne4 15. Qc1 Nxc3 16. Bd3 Bxd3 17. Re1 Ne2+
0-1

[Event "only 10 leisure players under 2000 "]
[Site "SchemingMind.com"]
[Date "2018.04.01"]
[Round "-"]
[White "ray winteringham"]
[Black "aliwood"]
[Result "1-0"]
[WhiteCountry "ENG"]
[BlackCountry "ENG"]
[WhiteElo "1570"]
[WhiteRD "54"]
[BlackElo "1360"]
[BlackRD "64"]
[GameID "426368"]

1. e4 e5 2. Nf3 Nc6 3. Bc4 Bc5 4. d3 Nf6 5. Nc3 d6 6. h3 O-O 7. Bd2 Bd7 8. O-O a6 9. Qe2 b5 10. Bb3 Na5
11. Nd1 Nxb3 12. axb3 h6 13. c4 Nh5 14. Nxe5 dxe5 15. Qxh5 Qc8 16. Qxe5 Bd6 17. Qc3 Re8 18. Ne3 Bc6 19. Nf5 Be5 20. d4 Bf6
21. e5 Bg5 22. Bxg5 hxg5 23. d5 Qxf5 24. dxc6 Rxe5 25. Qa5 bxc4 26. Qxc7 g4 27. hxg4 Qf6 28. Qb7 Rae8 29. Rxa6 Re1 30. Ra8 Qe6
31. Rxe8+ Qxe8 32. c7 Re7 33. c8=Q Qxc8 34. Qxc8+
1-0

[Event "only 10 leisure players under 2000 "]
[Site "SchemingMind.com"]
[Date "2018.03.28"]
[Round "-"]
[White "Scooter"]
[Black "ray winteringham"]
[Result "0-1"]
[WhiteCountry "USA"]
[BlackCountry "ENG"]
[WhiteElo "1728"]
[WhiteRD "52"]
[BlackElo "1569"]
[BlackRD "50"]
[GameID "426369"]

1. d4 d5 2. Nf3 Nc6 3. Bf4 e6 4. e3 Bd6 5. Bb5 Bd7 6. Bxd6 cxd6 7. O-O a6 8. Bxc6 Bxc6 9. Nbd2 Ne7 10. c4 Qb6
11. b3 h6 12. cxd5 Bxd5 13. Rc1 O-O 14. Nc4 Bxc4 15. Rxc4 d5 16. Rc3 Rac8 17. Qc2 Rxc3 18. Qxc3 Rc8 19. Qb2 f6 20. Rc1 Rxc1+
21. Qxc1 Nc6 22. Qc5 Qxc5 23. dxc5 Kf7 24. Nd4 Ke7 25. Kf1 Kd7 26. Nxc6 Kxc6 27. b4 Kb5
0-1

[Event "only 10 leisure players under 2000 "]
[Site "SchemingMind.com"]
[Date "2018.03.27"]
[Round "-"]
[White "ray winteringham"]
[Black "Scooter"]
[Result "0-1"]
[WhiteCountry "ENG"]
[BlackCountry "USA"]
[WhiteElo "1569"]
[WhiteRD "50"]
[BlackElo "1728"]
[BlackRD "52"]
[GameID "426370"]

1. e4 c6 2. d4 d5 3. e5 Bf5 4. Nf3 e6 5. Be2 Nd7 6. c3 c5 7. Bf4 cxd4 8. cxd4 Bb4+ 9. Nc3 Ne7 10. O-O Bxc3
11. bxc3 O-O 12. Qb3 Qb6 13. h3 Rac8 14. c4 h6 15. c5 Qxb3 16. axb3 Nc6 17. Bb5 a6 18. Bxc6 Rxc6 19. b4 Nb8 20. Be3 Bd3
21. Rfe1 Bb5 22. Nh2 Nd7 23. Nf3 b6 24. Nh4 bxc5 25. dxc5 Nxe5 26. Rad1 Nd3 27. Rxd3 Bxd3 28. Nf3 Rb8 29. Ne5 Bb5 30. Nxc6 Bxc6
31. Bd2 Bb5 32. f4 Bc4 33. Ra1 Kf8 34. Kf2 Ke7 35. g3 f5 36. Ke3 g6 37. Kd4 Kf6 38. Bc3 g5 39. fxg5+ hxg5 40. c6 e5+
41. Kc5 Ke6 42. c7 Rc8 43. Kc6 Bb5+ 44. Kb6 d4 45. Kb7 Kd7 46. Rd1 Rxc7+ 47. Kb6 Rxc3
0-1

[Event "only 10 leisure players under 2000 "]
[Site "SchemingMind.com"]
[Date "2018.04.01"]
[Round "-"]
[White "ray winteringham"]
[Black "DANDYLIONHONEYBADGER"]
[Result "1-0"]
[WhiteCountry "ENG"]
[BlackCountry "USA"]
[WhiteElo "1491"]
[WhiteRD "55"]
[BlackElo "1404"]
[BlackRD "70"]
[GameID "426373"]

1. e4 e5 2. Nf3 d6 3. h3 Nf6 4. Nc3 b6 5. Bc4 Be6 6. Bxe6 fxe6 7. d3 h6 8. Nh4 Rg8 9. Be3 g5 10. Nf3 c6
11. Qe2 g4 12. Nd2 Qe7 13. O-O-O h5 14. hxg4 Nxg4 15. Rxh5 Nxe3 16. fxe3 Nd7 17. Kb1 a5 18. a3 b5 19. Na2 d5 20. Rdh1 Bg7
21. Rh7 Nf6 22. Qe1 Nxh7 23. c3 Bh6 24. Rxh6 Ng5 25. Rh1 dxe4 26. d4 exd4 27. exd4 e5 28. Nxe4 Nxe4 29. Qxe4 Qf6 30. dxe5 Qg6
31. Qxg6+ Rxg6 32. Rh8+ Ke7 33. Rxa8 Rxg2 34. Rxa5 Ke6 35. Nb4 Kxe5 36. Nxc6+ Kd5 37. Nd4 Rg1+ 38. Ka2 Kc4 39. Rxb5 Kd3 40. Kb3 Rc1
41. a4
1-0

[Event "only 10 leisure players under 2000 "]
[Site "SchemingMind.com"]
[Date "2018.04.01"]
[Round "-"]
[White "DANDYLIONHONEYBADGER"]
[Black "ray winteringham"]
[Result "0-1"]
[WhiteCountry "USA"]
[BlackCountry "ENG"]
[WhiteElo "1309"]
[WhiteRD "69"]
[BlackElo "1580"]
[BlackRD "52"]
[GameID "426374"]

1. e4 e5 2. Nc3 Nc6 3. a3 Bc5 4. Nh3 d6 5. d3 Bxh3 6. gxh3 Qh4 7. Qd2 Nd4 8. Bg2 Ne7 9. b4 Bb6 10. Qe3 Nxc2+
0-1

[Event "only 10 leisure players under 2000 "]
[Site "SchemingMind.com"]
[Date "2018.05.29"]
[Round "-"]
[White "Scooter"]
[Black "Poweredbykos"]
[Result "0-1"]
[WhiteCountry "USA"]
[BlackCountry "ENG"]
[WhiteElo "1729"]
[WhiteRD "65"]
[BlackElo "1994"]
[BlackRD "200"]
[GameID "428747"]

1. d4 d5 2. Nf3 Nf6 3. Bf4 c5 4. e3 Qb6 5. b3 Nc6 6. c3 Bf5 7. Bd3 Bxd3 8. Qxd3 e6 9. O-O Be7 10. Nbd2 O-O
11. Ne5 Nxe5 12. Bxe5 Nd7 13. dxc5 Nxe5 14. Qxh7+ Kxh7 15. cxb6 axb6 16. Rfd1 Rfc8
0-1

[Event "only 10 leisure players under 2000 "]
[Site "SchemingMind.com"]
[Date "2018.05.29"]
[Round "-"]
[White "ray winteringham"]
[Black "Poweredbykos"]
[Result "1-0"]
[WhiteCountry "ENG"]
[BlackCountry "ENG"]
[WhiteElo "1491"]
[WhiteRD "55"]
[BlackElo "1281"]
[BlackRD "98"]
[GameID "428751"]

1. e4 e6 2. d4 d5 3. e5 c5 4. c3 Nc6 5. Be3 Qb6 6. Qc2 Bd7 7. Nf3 Rc8 8. Be2 c4 9. b4 f6 10. a4 a6
11. a5 Qd8 12. Bf4 Be7 13. O-O fxe5 14. Nxe5
1-0

[Event "only 10 leisure players under 2000 "]
[Site "SchemingMind.com"]
[Date "2018.05.29"]
[Round "-"]
[White "Poweredbykos"]
[Black "ray winteringham"]
[Result "0-1"]
[WhiteCountry "ENG"]
[BlackCountry "ENG"]
[WhiteElo "1281"]
[WhiteRD "98"]
[BlackElo "1491"]
[BlackRD "55"]
[GameID "428752"]

1. e4 c5 2. Nf3 Nc6 3. d4 cxd4 4. Nxd4 Nxd4 5. Qxd4 d6 6. c4 e5 7. Qd1 h6 8. Nc3 Be6 9. Be3 Be7 10. Qd2 Nf6
11. f3 O-O 12. Be2 Qc7 13. b3 Qd8 14. O-O b6 15. Rad1 Nd7
0-1

[Event "only 10 leisure players under 2000 "]
[Site "SchemingMind.com"]
[Date "2018.06.11"]
[Round "-"]
[White "aliwood"]
[Black "Wojtek26"]
[Result "0-1"]
[WhiteCountry "ENG"]
[BlackCountry "POL"]
[WhiteElo "1206"]
[WhiteRD "57"]
[BlackElo "1648"]
[BlackRD "66"]
[GameID "429049"]

1. Nf3 d5 2. d4 Nf6 3. e3 e6 4. a3 Be7 5. Be2 O-O 6. O-O c5 7. dxc5 Bxc5 8. b4 Bd6 9. Bb2 Nc6 10. Nbd2 Bd7
11. Re1 h6 12. Nf1 Rc8
0-1

[Event "only 10 leisure players under 2000 "]
[Site "SchemingMind.com"]
[Date "2018.06.11"]
[Round "-"]
[White "Wojtek26"]
[Black "aliwood"]
[Result "1-0"]
[WhiteCountry "POL"]
[BlackCountry "ENG"]
[WhiteElo "1648"]
[WhiteRD "66"]
[BlackElo "1206"]
[BlackRD "57"]
[GameID "429050"]

1. d4 d5 2. c4 e6 3. e3 Nf6 4. Nf3 c5 5. Be2 Be7 6. O-O O-O 7. Nbd2 b6 8. h3 Nc6 9. a3 a5 10. Qc2 Ba6
11. Re1 Re8 12. cxd5 Bxe2 13. Rxe2
1-0

[Event "only 10 leisure players under 2000 "]
[Site "SchemingMind.com"]
[Date "2018.06.06"]
[Round "-"]
[White "Scooter"]
[Black "Wojtek26"]
[Result "0-1"]
[WhiteCountry "USA"]
[BlackCountry "POL"]
[WhiteElo "1729"]
[WhiteRD "65"]
[BlackElo "1633"]
[BlackRD "63"]
[GameID "429051"]

1. d4 d5 2. Nf3 Nf6 3. Bf4 e6 4. e3 Be7 5. Be2 O-O 6. O-O h6 7. Nbd2 c5 8. c3 Nc6 9. Qc2 Nh5 10. Ne5 Nxf4
11. Nxc6 Nxe2+ 12. Kh1 bxc6 13. Nf3 Ba6 14. Rfe1 cxd4 15. Nxd4 Nxd4
0-1

[Event "only 10 leisure players under 2000 "]
[Site "SchemingMind.com"]
[Date "2018.06.06"]
[Round "-"]
[White "Wojtek26"]
[Black "Scooter"]
[Result "1/2-1/2"]
[WhiteCountry "POL"]
[BlackCountry "USA"]
[WhiteElo "1633"]
[WhiteRD "63"]
[BlackElo "1729"]
[BlackRD "65"]
[GameID "429052"]

1. d4 d5 2. c4 c6 3. e3 Nf6 4. Nf3 Bg4 5. Be2 e6 6. c5 Nbd7 7. h3 Bxf3 8. Bxf3 Be7 9. O-O O-O 10. a3 e5
11. Nd2 exd4 12. exd4 Re8 13. Re1 Bf8 14. b4 Rxe1+ 15. Qxe1 Qe8 16. Bb2 g6 17. Nb3 Qxe1+ 18. Rxe1 Re8 19. Rxe8 Nxe8 20. Na5 Nc7
21. Nxb7 Nb5 22. Na5 Nb8 23. Be2 a6 24. Bg4 Bg7 25. Nb3 f5 26. Be2 Kf7 27. Bxb5 axb5 28. Na5 Bh6 29. g3 Ke7 30. f4 Kd7
31. h4 Bg7 32. Kf2 Bf6 33. Kf3 Na6 34. Nb3=
1/2-1/2

[Event "only 10 leisure players under 2000 "]
[Site "SchemingMind.com"]
[Date "2018.06.06"]
[Round "-"]
[White "ray winteringham"]
[Black "Wojtek26"]
[Result "0-1"]
[WhiteCountry "ENG"]
[BlackCountry "POL"]
[WhiteElo "1570"]
[WhiteRD "54"]
[BlackElo "1633"]
[BlackRD "63"]
[GameID "429055"]

1. e4 e5 2. Nf3 Nc6 3. Bc4 Nf6 4. d3 Bc5 5. O-O O-O 6. h3 d6 7. a3 a6 8. b4 Bb6 9. Bb3 Bd7 10. Bb2 Qc8
11. Nh2 Ne7 12. Nd2 Ng6 13. Ndf3 c5 14. c4 h6 15. Kh1 Nf4 16. Ng1 Ba7 17. Bc1 Ng6 18. Be3 b6 19. Qe2 Qc7 20. Bd1 Bb8
21. Qd2 b5 22. f4 exf4 23. Bxf4 Nxf4 24. Qxf4 Nh7 25. Bh5 Nf6 26. Qf3 d5 27. Ng4 Nxg4 28. g3 Nf6 29. Ra2 dxe4 30. dxe4 Nxh5
31. Qxh5 Qxg3 32. Rg2 Qe3 33. Qd5 Bxh3 34. Nxh3 Qxh3+ 35. Kg1 Qe3+ 36. Rgf2 Bg3 37. Kg2 Bxf2 38. Rxf2 cxb4 39. Rxf7 Rxf7 40. Qxa8+ Kh7
41. e5 Rf2+ 42. Kg1 Qe1#
0-1

[Event "only 10 leisure players under 2000 "]
[Site "SchemingMind.com"]
[Date "2018.06.06"]
[Round "-"]
[White "Wojtek26"]
[Black "ray winteringham"]
[Result "1-0"]
[WhiteCountry "POL"]
[BlackCountry "ENG"]
[WhiteElo "1633"]
[WhiteRD "63"]
[BlackElo "1570"]
[BlackRD "54"]
[GameID "429056"]

1. d4 d5 2. c4 e6 3. e3 c6 4. Nf3 Be7 5. Be2 a6 6. O-O Bd7 7. a3 b5 8. c5 Nf6 9. Nbd2 a5 10. b3 a4
11. b4 h6 12. Ne5 g6 13. Ndf3 Nh7 14. Qc2 Na6 15. Nxg6 fxg6 16. Qxg6+ Kf8 17. Qxh6+ Kg8 18. Ne5 Nf8 19. Qf4 Bf6 20. Qg4+ Ng6
21. Qxg6+ Bg7 22. Qf7+ Kh7 23. Bd3+ Kh6 24. Qg6#
1-0

[Event "only 10 leisure players under 2000 "]
[Site "SchemingMind.com"]
[Date "2018.06.06"]
[Round "-"]
[White "DANDYLIONHONEYBADGER"]
[Black "Wojtek26"]
[Result "0-1"]
[WhiteCountry "USA"]
[BlackCountry "POL"]
[WhiteElo "1372"]
[WhiteRD "71"]
[BlackElo "1628"]
[BlackRD "61"]
[GameID "429057"]

1. e4 e5 2. Nc3 Nf6 3. f3 Bc5 4. Nge2 Nc6 5. Nd5 O-O 6. Nxf6+ Qxf6 7. c3 a6 8. b4 Bb6 9. Ba3 d6 10. c4 Be6
11. c5 dxc5 12. bxc5 Ba7 13. g3 Rad8 14. Bg2 Bc4 15. O-O Nd4 16. Nxd4 Bxf1 17. Qxf1 exd4 18. c6 d3+ 19. Kh1 Rfe8 20. cxb7 Rb8
21. Rb1 Qc6 22. Qxd3 Red8 23. Qc3 Qd7 24. Bb2 Bd4 25. Qc4 Rxb7 26. Qxa6 Rdb8
0-1

[Event "only 10 leisure players under 2000 "]
[Site "SchemingMind.com"]
[Date "2018.06.06"]
[Round "-"]
[White "Wojtek26"]
[Black "DANDYLIONHONEYBADGER"]
[Result "1-0"]
[WhiteCountry "POL"]
[BlackCountry "USA"]
[WhiteElo "1619"]
[WhiteRD "71"]
[BlackElo "1314"]
[BlackRD "72"]
[GameID "429058"]

1. d4 d5 2. c4 dxc4 3. e3 b5 4. Qf3 c6 5. a4 Ba6 6. axb5 Bxb5 7. Nd2 Nf6 8. Bxc4 Bxc4 9. Nxc4 e6 10. Ne2 Bb4+
11. Bd2 Bxd2+ 12. Nxd2 Qb6 13. Rb1 Qa5 14. Nc3 Nd5 15. Nxd5 cxd5 16. Qe2 O-O 17. O-O Rc8 18. b4 Qa4 19. h3 Na6 20. b5 Nb4
21. Ra1 Na2 22. Nb1 Rc2 23. Qd3 Rac8 24. Nd2 R8c3 25. Qe2 Rc1 26. Rfxc1 Rxc1+ 27. Rxc1 Nxc1 28. Qe1 Nd3 29. Qb1 Nb4 30. Qc1 Nc2
31. Qb2 g6 32. Nb1 Nb4 33. Nc3 Qa5 34. Qc1 Na2 35. Nxa2 Qxa2 36. Qc8+ Kg7 37. Qc5 Qb1+ 38. Kh2 Qa1 39. Qc6 Qb2 40. Kg3 h5
41. Qa6 Qc2 42. Qxa7 Qe4 43. Qc7 h4+ 44. Kh2 g5 45. b6 g4 46. hxg4 Qxg4 47. b7 h3 48. Qg3 Qxg3+ 49. Kxg3
1-0

[Event "only 10 leisure players under 2000 "]
[Site "SchemingMind.com"]
[Date "2018.06.15"]
[Round "-"]
[White "Scooter"]
[Black "DiogoValente"]
[Result "0-1"]
[WhiteCountry "USA"]
[BlackCountry "POR"]
[WhiteElo "1704"]
[WhiteRD "73"]
[BlackElo "1887"]
[BlackRD "130"]
[GameID "429270"]

1. d4 Nf6 2. Nf3 d5 3. Bf4 c5 4. e3 Nc6 5. c3 Qb6 6. Qb3 c4 7. Qxb6 axb6 8. Be2 Bf5 9. Nbd2 e6 10. O-O b5
11. Ne5 h5 12. h3 Nxe5 13. Bxe5 b4 14. cxb4 Bxb4 15. Nf3 Be7 16. Nd2 b5 17. b4 Bxb4 18. Nf3 Bc3 19. Rac1 b4
0-1

[Event "only 10 leisure players under 2000 "]
[Site "SchemingMind.com"]
[Date "2018.06.13"]
[Round "-"]
[White "DiogoValente"]
[Black "Scooter"]
[Result "1-0"]
[WhiteCountry "POR"]
[BlackCountry "USA"]
[WhiteElo "1887"]
[WhiteRD "130"]
[BlackElo "1704"]
[BlackRD "73"]
[GameID "429271"]

1. d4 d5 2. c4 c6 3. Nf3 Nf6 4. Nc3 g6 5. e3 Bg4 6. Qb3 Bxf3 7. Qxb7 Nbd7 8. gxf3 Qc8 9. Qxc8+ Rxc8 10. cxd5 cxd5
11. Ba6 Rc6 12. Bd3 Bg7 13. f4 O-O 14. Bd2 Rb8 15. b3 e6 16. Ke2 Bf8 17. Rhc1 Bb4 18. Nxd5 Rxc1 19. Nxf6+ Nxf6 20. Rxc1
1-0

[Event "only 10 leisure players under 2000 "]
[Site "SchemingMind.com"]
[Date "2018.06.13"]
[Round "-"]
[White "ray winteringham"]
[Black "DiogoValente"]
[Result "0-1"]
[WhiteCountry "ENG"]
[BlackCountry "POR"]
[WhiteElo "1491"]
[WhiteRD "55"]
[BlackElo "1887"]
[BlackRD "130"]
[GameID "429274"]

1. e4 c5 2. Nf3 d6 3. d3 Nc6 4. h3 g6 5. Nbd2 Bg7 6. c3 e5 7. b3 Nf6 8. Bb2 O-O 9. Be2 d5 10. exd5 Nxd5
11. O-O Nf4 12. Ne4 b6 13. c4 f5 14. Nh2 Nb4 15. Nc3 e4 16. dxe4 Qxd1 17. Raxd1 Nxe2+ 18. Nxe2 Bxb2 19. exf5 Bxf5 20. Rd2 Bg7
21. g4 Bd3 22. Re1 Bh6 23. Rb2 Rae8 24. a3 Nc6 25. Nf1 Bg7 26. Rd2 Bd4 27. Nxd4 Rxe1 28. Rxd3 Nxd4 29. Kg2 Re2 30. Kg3 Rfxf2
0-1

[Event "only 10 leisure players under 2000 "]
[Site "SchemingMind.com"]
[Date "2018.06.14"]
[Round "-"]
[White "DiogoValente"]
[Black "ray winteringham"]
[Result "1-0"]
[WhiteCountry "POR"]
[BlackCountry "ENG"]
[WhiteElo "1887"]
[WhiteRD "130"]
[BlackElo "1491"]
[BlackRD "55"]
[GameID "429275"]

1. d4 d5 2. c4 e6 3. Nc3 Bb4 4. Nf3 h6 5. Qb3 Bxc3+ 6. bxc3 b6 7. e3 Bb7 8. cxd5 Bxd5 9. c4 Bxf3 10. gxf3 Nd7
11. Rg1 g6 12. Bb2 Ngf6 13. f4 Ne4 14. Bg2 Nd6 15. Bxa8 Qxa8 16. Rc1 O-O 17. c5 Ne4 18. f3 Nef6 19. c6 Nb8 20. Qd3 Nxc6
21. d5 Nxd5 22. Rxg6+
1-0

[Event "only 10 leisure players under 2000 "]
[Site "SchemingMind.com"]
[Date "2018.06.18"]
[Round "-"]
[White "DANDYLIONHONEYBADGER"]
[Black "DiogoValente"]
[Result "0-1"]
[WhiteCountry "USA"]
[BlackCountry "POR"]
[WhiteElo "1376"]
[WhiteRD "75"]
[BlackElo "1928"]
[BlackRD "129"]
[GameID "429276"]

1. e4 c5 2. Na3 Nc6 3. d3 e6 4. c3 d5 5. exd5 exd5 6. Nf3 Nf6 7. h3 Bd6 8. Nb5 Bb8 9. Be2 O-O 10. Be3 Qb6
11. a4 a6 12. Na3 Re8 13. g4 d4 14. cxd4 cxd4 15. Nc4 Qc5 16. g5 dxe3 17. fxe3 Bg3+ 18. Kd2 Nd5 19. Nd4 Nxe3 20. Qg1 Nxd4
21. Qxg3 Qb4+
0-1

[Event "only 10 leisure players under 2000 "]
[Site "SchemingMind.com"]
[Date "2018.06.18"]
[Round "-"]
[White "DiogoValente"]
[Black "DANDYLIONHONEYBADGER"]
[Result "1-0"]
[WhiteCountry "POR"]
[BlackCountry "USA"]
[WhiteElo "1928"]
[WhiteRD "129"]
[BlackElo "1376"]
[BlackRD "75"]
[GameID "429277"]

1. d4 Nf6 2. c4 d5 3. Nf3 c6 4. e3 Ne4 5. Bd3 Bf5 6. Nh4 e6 7. Nxf5 exf5 8. cxd5 Qxd5 9. O-O Bd6 10. f3 Nc5
11. Nc3 Qe6 12. dxc5 Bxc5 13. Qc2 Bxe3+ 14. Kh1 f4 15. Re1 O-O 16. Nd1 c5 17. Bxh7+ Kh8 18. Nxe3 fxe3 19. Bxe3 Na6 20. Bxc5 Qh6
21. Bxf8 Rxf8 22. Be4
1-0